Podiel vodárenských nádrží pre zásobovanie Banskobystrického kraja
Výstavba vodných zdrojov v južnej časti Banskobystrického kraja. Vodohospodárske pomery regiónu. Významné vodné zdroje, vodárenské nádrže (Hriňová, Málinec, Klenovec, Turček, Hronček), skupinové vodovody. Bilančná charakteristika v jednotlivých vodovodoch vo vzťahu ku kapacitám zdrojov vody, najmä k...
Enregistré dans:
| Auteur principal: | |
|---|---|
| Autres auteurs: | |
| Format: | Chapitre de livre |
| Langue: | slovaque |
| Sujets: | |
| Tags: |
Pas de tags, Soyez le premier à ajouter un tag!
|
MARC
| LEADER | 00000naa a2200000 4500 | ||
|---|---|---|---|
| 001 | r039677 | ||
| 005 | 20230925115314.1 | ||
| 041 | 0 | |a slo | |
| 044 | |a SK | ||
| 245 | 1 | 0 | |a Podiel vodárenských nádrží pre zásobovanie Banskobystrického kraja |c Tibor Elek, Imrich Jasaň |
| 520 | |a Výstavba vodných zdrojov v južnej časti Banskobystrického kraja. Vodohospodárske pomery regiónu. Významné vodné zdroje, vodárenské nádrže (Hriňová, Málinec, Klenovec, Turček, Hronček), skupinové vodovody. Bilančná charakteristika v jednotlivých vodovodoch vo vzťahu ku kapacitám zdrojov vody, najmä k vodárenským nádržiam. Vybrané údaje a skutočnosti, súvisiace so zásobovaním obyvateľov kraja pitnou vodou regiónu v rozsahu Banskobystrického kraja. | ||
| 610 | 2 | 0 | |a voda |
| 610 | 2 | 0 | |a voda pitná |
| 610 | 2 | 0 | |a vodovody |
| 610 | 2 | 0 | |a zásobovanie obyvateľstva |
| 610 | 2 | 0 | |a vodárenstvo |
| 610 | 2 | 0 | |a zdroje vodné |
| 610 | 2 | 0 | |a nádrže vodné |
| 610 | 2 | 0 | |a Banskobystrický kraj |
| 100 | 1 | |a Elek, Tibor | |
| 700 | 1 | |a Jasaň, Imrich | |